| 000 | 00730nam a2200193 a 4500 | ||
|---|---|---|---|
| 003 | 0 | ||
| 005 | 20250321100706.0 | ||
| 008 | 090507s19uu xx uuu eng d | ||
| 050 |
_aPHS BF 637.B4 _b.T24 2008 |
||
| 100 | _aTemplonuevo, Julius C. | ||
| 245 |
_aExposure to aggressive behavior and the violent tendencies of grade five students / _cJulius C. Templonuevo. |
||
| 260 |
_aLas PiƱas City, Philippines : _bSouthville International School and Colleges, _c2008. |
||
| 300 |
_a21 pages : _billustrations ; _c28 cm. |
||
| 504 | _aIncludes bibliographical references. | ||
| 650 | _aAggressiveness in children. | ||
| 650 | _aViolence in children. | ||
| 650 |
_aExposure to violence _xPsychological aspects. |
||
| 942 |
_2lcc _cPASS |
||
| 999 |
_c98143 _d98143 |
||